000
00290nam a22001337a 4500
003
SGT
082
_a
617.632
_b
N24H
100
_a
Heena
245
_a
Nutrition and Periodontal Health
_b
2024
260
_b
SGT University
_c
2024
300
_a
74
650
_a
Periodontology
942
_2
ddc
_c
TH
999
_c
30357
_d
30357